000 01390cam a2200265 4500
001 ABS66837
008 030626n2003 000 0 eng u
035 _a(Sirsi) u122770
100 _aMassey, M.
245 _aHousing: PPG3
260 _c2003
490 _aPlanning in London
_v(45) April 2003, 16-24(9)
520 _aFour articles examine the impact of PPG3 three years after the new housing guidance was launched. "PPG3: a radical re-appraisal of how we live" argues for regional autonomy to make the best decisions for the unique demands of different areas. "Density and the three-storey house" looks at different housing designs and layouts to achieve PPG3's 30 to 50 dwellings per hectare target. "Implications for design, management and security" argues that PPG3 is in danger of repeating past mistakes with regards to high-rise homes. "Responding to the challenge of PPG3" offers a positive appraisal of PPG3 and suggests it has given the house building industry the opportunity to embrace new designs and construction techniques. Diagrams.
590 _aABS
650 _aHOUSING DENSITY
650 _aHOUSING DESIGN
650 _aHOUSE BUILDING
650 _aPPG3
650 _aPLANNING POLICY
690 _aENVIRONMENTAL AND LAND CONSULTANCY-PLANNING AND DEVELOPMENT
700 _aWood, M.
700 _aSan Martin, C.
700 _aBeck, S.
942 _n0
999 _c72943
_d72943